Statistics for Word Scramble - Canadian Cities

Click here to take the quiz!

General Stats

  • This quiz has been taken 147 times
  • The average score is 15 of 20

Answer Stats

HintAnswer% Correct
toawtaOttawa
100%
onootrtToronto
98%
ucoervnavVancouver
98%
gnpinwieWinnipeg
96%
aailxfhHalifax
93%
ubceeq icytQuebec City
91%
rayglcaCalgary
89%
tenoondmEdmonton
84%
nisat shojnSaint John's
83%
larmtoneMontreal
81%
airotcviVictoria
81%
tonkigsnKingston
69%
sondwriWindsor
69%
aneigrRegina
67%
nokasastoSaskatoon
67%
samssisuagiMississauga
66%
stroi ivèriesrTrois Rivières
48%
thmalnoiHamilton
44%
shwihoreteWhitehorse
37%
gasyeunaSaguenay
15%

Score Distribution

Percentile by Number Answered

Percent of People with Each Score

Your Score History

You have not taken this quiz